000 00488nam a2200193Ia 4500
005 20250425162642.0
008 250425s9999 xx 000 0 und d
020 _a3796508308
041 _aeng
082 _a574.524
245 0 _aNEW APPROACHES TO THE IDENTIFICATION OF PARASITES AND THEIR VECTORS
250 _aNEW
260 _aEstados Unidos
_bSCHWABE & CO. AG. BASED
_c1984
260 _aNEW YORK
300 _a466
650 _aPARASITOS
942 _c01
010 _a94174
999 _c233647
_d233647